| 000 | 00764nam a2200229 i 4500 | ||
|---|---|---|---|
| 001 | 186855 | ||
| 003 | ES-MaACL | ||
| 005 | 20230906144639.0 | ||
| 008 | 170223s1910 sp |||| | spa d | ||
| 080 | _a821.134.2-32"19" | ||
| 100 | 1 |
_aMenéndez Valdes, Antonio M. _9161853 |
|
| 245 | 1 | 3 |
_aEl pícaro don Lolo / _cilustraciones de Exoristo Salmerón. |
| 260 |
_aMadrid : _bLos Contemporáneos, _c1910. |
||
| 300 |
_a[20] p. : _bil. ; _c28 cm. |
||
| 490 | 1 |
_aLos contemporáneos ; _v100 |
|
| 500 | _aEn la cubierta: Novela de nuestro concurso, lema: Uno que quiere pelea. | ||
| 700 | 1 |
_aTitó ( _d1877-1925) _9161710 |
|
| 830 | 0 |
_aLos contemporáneos ; _v100 _9185715 |
|
| 852 |
_aES-MaACL _jR-2599(22) |
||
| 942 | _2udc | ||
| 999 |
_c186855 _d186855 |
||